| 000 | 00358nam a2200145Ia 4500 | ||
|---|---|---|---|
| 008 | 191201s2005 xx 000 0 und d | ||
| 082 |
_a629.831 _bSIC |
||
| 100 | _aSIVANANDAN, S N | ||
| 245 | 0 | _aControl Systems Engineering | |
| 250 | _aRep | ||
| 260 |
_aN.Delhi _bVikas Publication House _c2005 |
||
| 300 | _a350 | ||
| 650 | _aB.Tech(ECE) | ||
| 942 |
_2ddc _cBK |
||
| 999 |
_c1701 _d1701 |
||